000 00623nam a2200181Ia 4500
008 090201s9999 xx 000 0 und d
010 _aKPL-73283
040 _bमराठी
041 _aमराठी
082 _a53766
_b73283
100 _a कोल्हटकर चित्तरंजन
245 _aरंगात रंगलो मी
_c कोल्हटकर चित्तरंजन
250 _a1
260 _c2003
_bकॉन्टिनेन्टल प्रकाशन
300 _a234
_bमध्यम
600 _aरंगात रंगलो मी
942 _cBOOK
999 _c250185
_d250185